Online
Catalog

El evolucionismo / (Record no. 20587)

MARC details
000 -CABECERA
campo de control de longitud fija 00445nam a2200157 a 4500
001 - NÚMERO DE CONTROL
campo de control 000021085
005 - FECHA Y HORA DE LA ÚLTIMA TRANSACCIÓN
campo de control 20200930011230.0
008 - DATOS DE LONGITUD FIJA--INFORMACIÓN GENERAL
campo de control de longitud fija 100830s1977 sp r 000 u spa d
040 ## - FUENTE DE LA CATALOGACIÓN
Centro catalogador/agencia de origen DO-SdBNP
Lengua de catalogación spa
Centro/agencia transcriptor BNPHU
082 ## - NÚMERO DE LA CLASIFICACIÓN DECIMAL DEWEY
Número de clasificación xxx
Número de documento/Ítem S187a
049 ## - FONDOS LOCALES (OCLC)
Fondos de biblioteca BNGR
100 1# - ENTRADA PRINCIPAL--NOMBRE DE PERSONA
Nombre de persona Sambrano Urdaneta, Oscar
Fechas asociadas al nombre 1929-
9 (RLIN) 44097
245 13 - MENCIÓN DE TÍTULO
Título El evolucionismo /
Mención de responsabilidad, etc. Oscar Sambrano Urdaneta.
260 ## - PUBLICACIÓN, DISTRIBUCIÓN, ETC.
Lugar de publicación, distribución, etc. Caracas :
Nombre del editor, distribuidor, etc. Casa del Escritor,
Fecha de publicación, distribución, etc. 1977.
300 ## - DESCRIPCIÓN FÍSICA
Extensión 46 p. ;
Dimensiones 17 cm.
Holdings
Estado de retiro Estado de pérdida Restricciones de uso No para préstamo Código de colección Localización permanente Ubicación/localización actual Ubicación en estantería Fecha de adquisición Número de inventario Total de préstamos Signatura topográfica completa Código de barras Fecha visto por última vez Precio válido a partir de Tipo de ítem Koha
      Excluido de préstamo Monografías: Libros y Folletos General General En catalogación 30.08.2010 LF1   xxx S187a 21085-10 25.06.2020 25.06.2020 No se presta

Powered by Koha